Loading...
| Fine Arts - Other | 0 | 6 | 1 | 0 | 55 | 50 | 82.83 | 3 | 6 | 0.00 | 0.00 |
| Fine Arts - Painting & Sculpture | 0 | 6 | 2 | 0 | 50 | 33 | 64.17 | 4 | 6 | 0.00 | 0.00 |
| Philosophy | 0 | 5 | 2 | 2 | 40 | 71 | 115.20 | 0 | 4 | 0.00 | 0.00 |
| Literature - British | 0 | 4 | 1 | 0 | 35 | 43 | 82.50 | 3 | 3 | 0.00 | 0.00 |
| Social Science | 0 | 3 | 0 | 1 | 30 | 93 | 102.33 | 0 | 2 | 0.00 | 0.00 |
| Literature - European | 0 | 3 | 1 | 0 | 25 | 73 | 88.00 | 1 | 2 | 0.00 | 0.00 |
| Science - Chemistry | 0 | 2 | 0 | 0 | 20 | 104 | 111.00 | 0 | 1 | 0.00 | 0.00 |
| Literature - American | 0 | 2 | 0 | 0 | 20 | 57 | 86.50 | 1 | 2 | 0.00 | 0.00 |
| Other | 0 | 2 | 1 | 0 | 15 | 72 | 76.00 | 1 | 1 | 0.00 | 0.00 |
| Fine Arts - Classical Music | 0 | 2 | 1 | 2 | 15 | 112 | 120.50 | 0 | 0 | 0.00 | 0.00 |
| Religion | 0 | 1 | 0 | 0 | 10 | 37 | 37.00 | 1 | 1 | 0.00 | 0.00 |
| Science - Biology | 0 | 1 | 0 | 0 | 10 | 107 | 107.00 | 0 | 0 | 0.00 | 0.00 |
| Science - Physics | 0 | 1 | 0 | 1 | 10 | 125 | 125.00 | 0 | 1 | 0.00 | 0.00 |
| Mythology | 0 | 1 | 1 | 0 | 5 | 83 | 83.00 | 0 | 0 | 0.00 | 0.00 |
| Science - Other | 0 | 1 | 1 | 0 | 5 | 77 | 77.00 | 0 | 1 | 0.00 | 0.00 |
| History - Other | 0 | 1 | 1 | 0 | 5 | 118 | 118.00 | 0 | 1 | 0.00 | 0.00 |